| 000 | 01005nam a22003137a 4500 | ||
|---|---|---|---|
| 001 | 7284 | ||
| 003 | FISKH | ||
| 005 | 20250708093227.0 | ||
| 008 | 250708b cb ||||| |||| 00| 0 eng d | ||
| 020 | _a0590265903 | ||
| 040 |
_aFISKH _beng _cFISKH _dFISKH |
||
| 050 | _a PZ8.G8875 W | ||
| 082 | _a279 | ||
| 100 |
_aGrimes, Nikki _d(1950-) |
||
| 245 |
_aWild, wild hair / _cBy Nikki Grimes ; Illustrated by George ford |
||
| 250 | _aThis edition first published in 1997 | ||
| 260 |
_aNew York : _bScholastic, _c1997 |
||
| 300 |
_a29 unnumbered pages : _bcolor illustrations ; _c23 cm |
||
| 490 |
_aHello reader _vLevel 1&2 |
||
| 505 | _aJ | ||
| 520 | _aIn this rhyming story, an African American girl hides when it's time to comb and braid her hair. | ||
| 521 | 8 |
_a480
_bLexile |
|
| 521 | 8 |
_aJ
_bRaz-Plus |
|
| 650 |
_2African American _aEarly reader |
||
| 650 |
_2Health and Exercise _aRealistic fiction |
||
| 700 |
_aFord, George _dillustrator |
||
| 942 |
_2ddc _cBK _n0 |
||
| 999 |
_c7284 _d7284 |
||